000
00259nam a2200097Ia 4500
008
230907s9999||||xx |||||||||||||| ||und||
082
_a
621.4838
_b
NUC
245
0
_a
Nuclear waste governance, an international comparison /
300
_a
349 pages :
942
_c
BK
999
_c
597666
_d
597666